| 000 | 00863cam a2200253Ia 4500 | ||
|---|---|---|---|
| 005 | 20140903175014.0 | ||
| 008 | 060627s2006 mx frn 001 0 spa d | ||
| 020 | _a9789687943657 | ||
| 040 |
_aCo-BoUCM _bspa _cJavier Garzón _dAldemar Mondragón |
||
| 041 | 1 |
_aspa _hger |
|
| 100 | 1 |
_aHorkheimer, Max _d1895-1973 _955699 |
|
| 245 | 1 | 0 |
_aEstado autoritario _cMax Horkheimer ; traducción y presentación de Bolívar Echeverría |
| 260 |
_aMéxico D.F. (México) _bItaca _c2006 |
||
| 300 | _a86 páginas | ||
| 500 | _aIncluye índice | ||
| 650 | 4 |
_aAutoritarismo _99835 |
|
| 650 | 4 |
_aCiencia política _9340 |
|
| 650 | 4 |
_aTotalitarismo _925542 |
|
| 690 |
_942754 _aCiencia política |
||
| 700 | 1 |
_aEcheverría, Bolívar _etraductor _955700 |
|
| 765 | 0 | _tAutoritärer Staat | |
| 942 |
_a6 _cLIBRO _e1 _mH811e _2DEWEY _h320.1 |
||
| 999 |
_c183827 _d183827 |
||